The Americas Capital City Flags - Statistics

General Stats
  • This quiz has been taken 305 times
  • The average score is 10 of 16
Answer Stats
Picture Hint Answer % Correct
North America Washington D.C.
93%
North America Panama City
85%
North America Ottawa
83%
North America Managua
79%
North America Mexico City
71%
South America Bogotá
61%
South America Brasilia
57%
South America Buenos Aires
55%
South America Lima
54%
South America La Paz
50%
South America Caracas
49%
South America Santiago
48%
North America Havanna
46%
South America Quito
46%
South America Asunción
41%
South America Sucre
33%
No matching quizzes found
Score Distribution
Percent of People with Each Score
Percentile by Number Answered
Your Score History
You have not taken this quiz